| 000 | 00878nam a22002537a 4500 | ||
|---|---|---|---|
| 005 | 20240530110336.0 | ||
| 008 | 141019s2010 ua e gr 000 0 ara d | ||
| 017 | _a22297/2009 | ||
| 022 | _a9789773286571 | ||
| 040 | _aEG-CaGPL | ||
| 082 | 0 | 4 |
_221 _a307.72 _bم م |
| 100 | 0 | _aمحمد ابراهيم العزبى | |
| 245 | 1 | 2 |
_aالمجتمع الريفى تحت المجهر / _cمحمد ابراهيم العزبى |
| 260 |
_aالاسكندريه : _bدار الجامعة الجديدة ؛ _c2010 |
||
| 300 |
_a239 ص ؛ _c24 سم |
||
| 650 | 0 | 4 | _aالحياة الريفية |
| 650 | 0 | 4 | _aالمجتمعات الريفية |
| 650 | 0 | 4 | _aالريف |
| 650 | 0 | 4 | _aالزراعة |
| 650 | 0 | 4 | _aالاجتماع الريفى |
| 650 | 0 | 4 | _aالاحوال الريفية |
| 942 |
_2ddc _cBK |
||
| 999 |
_c59792 _d59792 |
||